ՀՀ Գիտությունների ազգային ակադեմիայի հիմնարար գիտական գրադարան  =   Fundamental Scientific Library of NAS RA

Проблемы форсирования и надежности тракторных двигателей : (Record no. 360887)

MARC details
000 -LEADER
fixed length control field 01021nam a2200205 a 4500
001 - CONTROL NUMBER
control field 001123109
003 - CONTROL NUMBER IDENTIFIER
control field AM-YeHGA
005 - DATE AND TIME OF LATEST TRANSACTION
control field 20250617151935.0
008 - FIXED-LENGTH DATA ELEMENTS--GENERAL INFORMATION
fixed length control field 160111s1972 ru 000 0 rus d
040 ## - CATALOGING SOURCE
Original cataloging agency AM-YeHGA
041 0# - LANGUAGE CODE
Language code of text/sound track or separate title rus
090 ## - LOCALLY ASSIGNED LC-TYPE CALL NUMBER (OCLC); LOCAL CALL NUMBER (RLIN)
-- 362728
245 00 - TITLE STATEMENT
Title Проблемы форсирования и надежности тракторных двигателей :
Remainder of title Материалы научно-технической конференции /
Statement of responsibility, etc. Под общ. ред. М.С. Столбова, В.П. Дмитриева; Владим. обл. совет НТО.
260 ## - PUBLICATION, DISTRIBUTION, ETC.
Place of publication, distribution, etc. Владимир :
Name of publisher, distributor, etc. Б. и.,
Date of publication, distribution, etc. 1972.
300 ## - PHYSICAL DESCRIPTION
Extent 132 с. :
Other physical details ил.
650 14 - SUBJECT ADDED ENTRY--TOPICAL TERM
Topical term or geographic name entry element Тракторные двигатели - Рабочий процесс - Сборники
700 1# - ADDED ENTRY--PERSONAL NAME
Personal name Столбов, Михаил Сергеевич
Relator term ред.
Relationship edt
700 1# - ADDED ENTRY--PERSONAL NAME
Personal name Дмитриев, В.П.
Relator term ред.
Relationship edt
710 2# - ADDED ENTRY--CORPORATE NAME
Corporate name or jurisdiction name as entry element Владимирский областной совет научно-технических обществ
Holdings
Withdrawn status Lost status Damaged status Not for loan Collection Home library Current library Date acquired Total checkouts Full call number Barcode Date last seen Price effective from Koha item type Public note
        General Fundamental Scientific Library Fundamental Scientific Library 11/01/2017   PIII/35472 FL0372817 11/01/2017 11/01/2017 Գրքեր / Books 30 Days Loan


ՀՀ ԳԱԱ հիմնարար գիտական գրադարան
ՀՀ,Երևան 0019
Մարշալ Բաղրամյան 24/6
հեռախոս:(374-10) 52-47-50
Հետադարձ կապ

All site content, except where otherwise noted, is licensed under a
Creative Commons License